Complete the film title (Marilyn Monroe) - Statistics

General Stats
  • This quiz has been taken 18 times
  • The average score is 11 of 15
Answer Stats
Film Title % Correct
Gentlemen Prefer {Blondes}
100%
Some Like It {Hot}
100%
There's No Business Like Show {Business}
100%
The Seven Year {Itch}
100%
All About {Eve}
94%
Bus {Stop}
94%
How to Marry a {Millionaire}
88%
Let’s Make {Love}
88%
The Asphalt {Jungle}
81%
As Young As You {Feel}
50%
The {Misfits} [final completed film]
50%
The Prince and the {Showgirl}
50%
Don't Bother to {Knock}
38%
Let's Make It {Legal}
13%
We're Not {Married}!
13%
No matching quizzes found
Score Distribution
Percent of People with Each Score
Percentile by Number Answered
Your Score History
You have not taken this quiz